Top 10 Länder nach Birnenproduktion - Statistiken

Allgemein
  • Dieses Quiz wurde 11 mal gespielt
  • Das Durchschnittsergebnis liegt bei 6 aus 10
Antwortstatistiken
Platz Anbaumenge in Tonnen Land % Korrekt
10 273.450 Italien
100%
8 316.270 Spanien
100%
1 18.978.144 China
90%
2 636.390 Vereinigte Staaten
90%
9 276.000 Indien
80%
4 530.349 Türkei
60%
3 634.000 Argentinien
30%
6 355.680 Belgien
20%
7 340.000 Niederlande
20%
5 459.532 Südafrika
0%
Keine übereinstimmenden Quizze gefunden
Verteilung der Resultate
Anzahl Personen mit jedem Resultat
Perzentil nach korrekt beantworteten Fragen
Ihre Resultats-Entwicklung
Sie haben dieses Quiz noch nicht gespielt